=LDR 00000nam 2200000 4500 =001 001110 =005 20250713114016 =035 ##$$a 0010-0725000993 =007 ta =008 250713################a##########0#ind## =020 ##$$a 978-623-307-621-0 =082 ##$$a 398.209 598 =084 ##$$a 398.209 598 DRE l =100 #$$a Drew, Marion =245 1#$$a Labu Ibu Maneo /$c Marion Drew =250 ##$$a Cetakan Pertama =260 ##$$a Jakarta Timur :$b Badan Pengembangan dan Pembinaan Bahasa,$c 2022 =300 ##$$a 20 hlm : $b ilus. ; $c 22,9 cm =650 #4$$a Literasi-Bahan Bacaan =600 #4$$a Cerita anak Indonesia - Terjemahan =856 ##$$a TBM AS SUHADA =990 ##$$a TBM202401000